Greek Gods By Clue - Statistics

General Stats
  • This quiz has been taken 116 times
  • The average score is 9 of 12
Answer Stats
Hint Answer % Correct
King Of The Gods Zeus
100%
God Of The Underworld Hades
99%
Godess Of Beauty Aphrodite
95%
The Only Smart One Athena
91%
Blood And Violence Ares
85%
The Godess Of The Hunt Artemis
85%
Famous Rockets Were Named After Him Apollo
81%
AKA Mercury Hermes
81%
Drunk One Dionysus
80%
Mother Of Persephone Demeter
75%
Likes Cows. Not Heracles. Hera
49%
Husband Of Medusa Poseiden
5%
No matching quizzes found
Score Distribution
Percent of People with Each Score
Percentile by Number Answered
Your Score History
You have not taken this quiz